UBT Library

On the social contract, with Geneva manuscript and Political economy / (Record no. 40324)

000 -LEADER
fixed length control field 00786cam a2200241 i 4500
001 - CONTROL NUMBER
control field 2740445
005 - DATE AND TIME OF LATEST TRANSACTION
control field 20180116031740.0
008 - FIXED-LENGTH DATA ELEMENTS--GENERAL INFORMATION
fixed length control field 780922s1978 nyu b 001 0 eng
010 ## - LIBRARY OF CONGRESS CONTROL NUMBER
LC control number 78106287
020 ## - INTERNATIONAL STANDARD BOOK NUMBER
International Standard Book Number 0312694458 :
Terms of availability $12.95.
International Standard Book Number 0312694466
040 ## - CATALOGING SOURCE
Original cataloging agency DLC
Transcribing agency DLC
Modifying agency DLC
041 1# - LANGUAGE CODE
Language code of text/sound track or separate title eng
080 ## - UNIVERSAL DECIMAL CLASSIFICATION NUMBER
Universal Decimal Classification number 320.01
082 00 - DEWEY DECIMAL CLASSIFICATION NUMBER
Classification number 320.01 MAS
Edition number 19
100 1# - Rafti
Rafti 19
101 ## - Shkurtesa
Shkurtesa SHP
240 10 - UNIFORM TITLE
Uniform title <a href="Du contrat social.">Du contrat social.</a>
Language of a work English
245 00 - TITLE STATEMENT
Title On the social contract, with Geneva manuscript and Political economy /
Statement of responsibility, etc Jean-Jacques Rousseau ; edited by Roger D. Masters ; translated by Judith R. Masters.
504 ## - BIBLIOGRAPHY, ETC. NOTE
Bibliography, etc Includes bibliographical references and index.
740 ## - ADDED ENTRY--UNCONTROLLED RELATED/ANALYTICAL TITLE
Uncontrolled related/analytical title On the social contract.
906 ## - LOCAL DATA ELEMENT F, LDF (RLIN)
a 7
b cbc
c orignew
d 2
e ncip
f 19
g y-gencatlg
942 ## - ADDED ENTRY ELEMENTS (KOHA)
Source of classification or shelving scheme
Item type Books
Holdings
Withdrawn status Lost status Source of classification or shelving scheme Damaged status Not for loan Collection code Permanent location Current location Shelving location Date acquired Total Checkouts Full call number Barcode Date last seen Price effective from Koha item type
          Koleksioni i përgjithshem UBT - Lipjan UBT - Lipjan Koleksioni i përgjithshem 01/16/2018   320.01 MAS 002-2995584 01/16/2018 01/16/2018 Books
UBT Library © 2015-2024. All rights reserved University Education for Business and Technology